00451nam a22001457a 450000500170000000800410001702000140005804100130007208200160008510000250010124500630012626000570018930000340024665000250028020231107101921.0231107b |||||||| |||| 00| 0 eng d a409051104 aEnglish  a346.43 ROR  aRorke, RF lEnglish  aA Commentary on the Sectional Titles Act 1971 /cRF Rorke  aDurban : bButterworth and Company (Pty) Ltd, c1972 bxiii, 214 pages ; c24,3 cm.  aLegal practice bLaw